| 000 | 00582nam a22002297a 4500 | ||
|---|---|---|---|
| 003 | OSt | ||
| 005 | 20140310182948.0 | ||
| 008 | 130205t xxu||||| |||| 00| 0 eng d | ||
| 020 | _a9716421389 | ||
| 050 |
_aD 20 _b.Z21 1994 |
||
| 082 |
_aFIL 909 _bZ21 1994 |
||
| 245 |
_aWorld history _cZaide, Sonia M. |
||
| 250 | _a4th ed. | ||
| 260 |
_aQuezon City _bAll-Nations Publishing CO., Inc. _cc1994 |
||
| 300 |
_a460 p. _c26 cm. _bill. |
||
| 521 | _acollege students | ||
| 526 | _c1210L-1700L | ||
| 541 | _j1 | ||
| 541 | _j2 | ||
| 562 | _e2 | ||
| 942 |
_2lcc _cBK _kFIL |
||
| 999 |
_c17843 _d17843 |
||